000 00900nam a2200193Ii 4500
003 JO-AjNU
008 230605s9999||||xx |||||||||||||| ||und||
040 _aJO-AjNU
_bara
_erda
_cJO-AjNU
041 _aara
050 1 4 _aHF 5549 .5 .M3 .M8 2008
100 3 _aمركز الملكة رانيا، كلية الاقتصاد والعلوم الادارية,
_eauthor
_945887
245 0 0 _aالمؤتمر الثاني حول: ادارة الموارد البشرية: الاستراتيجيات والياسات المعاصرة
264 3 1 _aاربد: مؤسسة حمادة للدراسات الجامعية للنشر والتوزيع،2008
300 _a عربي817ص،P56 E
_bيحتوي على ببلوغرافية من ص814-817ص
336 _atext
_btxt
_2rdacontent
337 _aunmediated
_bn
_2rdamedia
338 _avolume
_bnc
_2rdacarrier
650 4 _aالموارد البشرية
_945888
999 _aA19923
_c23491
_d23491